| 000 | 00659nam a2200217Ia 4500 | ||
|---|---|---|---|
| 005 | 20250508170059.0 | ||
| 008 | 008 250505s9999 xx 000 0 eng d | ||
| 020 | _a978-0-858-5652-1 | ||
| 037 | _aReference | ||
| 040 |
_aFEDL _beng _cFEDL |
||
| 041 |
_aeng _2eng |
||
| 084 |
_a302.224 4, HAN/RR _qFEDL |
||
| 100 |
_aCoiro Julie Ed. _9782945 |
||
| 245 | 0 | _aHandbook of research on new literacies | |
| 260 |
_aNew York, USA _bRoutledge _c2008 |
||
| 300 | _axvii, 1367p. | ||
| 365 |
_aINR _b10 |
||
| 700 |
_a Knobel Michele Ed. Lankshear Colin and others Ed. _9782946 |
||
| 942 |
_cREF _h302.224 4, HAN/RR |
||
| 999 |
_c1399114 _d1399114 |
||